000 00411nam a2200157Ia 4500
008 230917s9999||||xx |||||||||||||| ||und||
040 _e229054
_aMAIN
041 _aEnglish
082 _a005.1 P483S(4)
100 _aPfleeger, Shari Lawrence
245 0 _aSoftware Engineering : Theory and practice
250 _a4th ed.
260 _aNew Delhi
_bPearson Education
_c2013
300 _a782 p.
942 _cBK
999 _c180235
_d180235